Cestovný ruch v karibskej oblasti na príklade ostrovov Trinidad a Tobago

Z histórie ostrovov. Hospodárska činnosť v karibskej oblasti. Podrobnejší popis ostrova Tobago a Trinidad. Prehľad zahraničných návštevníkov ostrovov podľa kontinentov v roku 1998. Štruktúra zahraničných návštevníkov a vývoj počtu tranzitných turistov. Ubytovacie zariadenia na ostrovoch.

Salvato in:
Dettagli Bibliografici
Autore principale: Mišúnová, Ema
Natura: Capitolo di libro
Lingua:slovacco
Soggetti:
Tags: Aggiungi Tag
Nessun Tag, puoi essere il primo ad aggiungerne!!

MARC

LEADER 00000naa a2200000 4500
001 r041728
005 20230810110125.8
041 0 |a slo 
044 |a SK 
245 1 0 |a Cestovný ruch v karibskej oblasti na príklade ostrovov Trinidad a Tobago  |c Ema Mišúnová 
520 |a Z histórie ostrovov. Hospodárska činnosť v karibskej oblasti. Podrobnejší popis ostrova Tobago a Trinidad. Prehľad zahraničných návštevníkov ostrovov podľa kontinentov v roku 1998. Štruktúra zahraničných návštevníkov a vývoj počtu tranzitných turistov. Ubytovacie zariadenia na ostrovoch. 
610 2 0 |a ruch cestovný 
610 2 0 |a turistika 
610 2 0 |a činnosť hospodárska 
610 2 0 |a história 
610 2 0 |a vývoj 
610 2 0 |a Karibská oblasť 
610 2 0 |a Trinidad a Tobago 
100 1 |a Mišúnová, Ema